<?xml version="1.0" encoding="UTF-8"?>
<record
    xmlns:xsi="http://www.w3.org/2001/XMLSchema-instance"
    xsi:schemaLocation="http://www.loc.gov/MARC21/slim http://www.loc.gov/standards/marcxml/schema/MARC21slim.xsd"
    xmlns="http://www.loc.gov/MARC21/slim">

  <leader>01743cam a2200337   4500</leader>
  <controlfield tag="001">24677</controlfield>
  <controlfield tag="003">BD-RjUL</controlfield>
  <controlfield tag="005">20211209001102.0</controlfield>
  <controlfield tag="008">140315t198     enkaf         000 0 eng d</controlfield>
  <datafield tag="029" ind1=" " ind2=" ">
    <subfield code="a">1720</subfield>
  </datafield>
  <datafield tag="035" ind1=" " ind2=" ">
    <subfield code="a">(BD-RjUL)24746</subfield>
  </datafield>
  <datafield tag="040" ind1=" " ind2=" ">
    <subfield code="a">DLC</subfield>
    <subfield code="b">eng</subfield>
    <subfield code="c">DLC</subfield>
    <subfield code="d">BD-RjUL</subfield>
  </datafield>
  <datafield tag="041" ind1=" " ind2=" ">
    <subfield code="a">eng</subfield>
  </datafield>
  <datafield tag="082" ind1="0" ind2="4">
    <subfield code="a">942.06</subfield>
    <subfield code="b">CLH 1988</subfield>
  </datafield>
  <datafield tag="100" ind1="1" ind2=" ">
    <subfield code="a">Clarendon, Edward Hyde,</subfield>
    <subfield code="d">1609-1674.</subfield>
    <subfield code="9">75889</subfield>
  </datafield>
  <datafield tag="245" ind1="1" ind2="4">
    <subfield code="a">The history of the rebellion and civil wars in England, begun in the year 1641 /</subfield>
    <subfield code="c">Edward, Earl of Clarendon ; re-edited from a fresh collation of the original ms. in the Bodleian Library, with marginal dates and occasional notes, by W. Dunn Macray.</subfield>
  </datafield>
  <datafield tag="260" ind1=" " ind2=" ">
    <subfield code="a">Oxford :</subfield>
    <subfield code="b">Clarendon prees,</subfield>
    <subfield code="c">1888</subfield>
  </datafield>
  <datafield tag="300" ind1=" " ind2=" ">
    <subfield code="a">V-4 (513 p.) ;</subfield>
    <subfield code="c">20 cm.</subfield>
  </datafield>
  <datafield tag="500" ind1=" " ind2=" ">
    <subfield code="a">Each volume is divided into two parts, but paged continuously; each part has a separate, dated title page.</subfield>
  </datafield>
  <datafield tag="500" ind1=" " ind2=" ">
    <subfield code="a">Vol. 2; pt. 1 and v. 3; pt. 1 have half titles.</subfield>
  </datafield>
  <datafield tag="500" ind1=" " ind2=" ">
    <subfield code="a">Vol. 2; pt. 1 states on t.p. verso "Imprimatur, Guil. Delaune Vice-Can. Oxon. Sept. 15. 1703.". Vol. 3; pt. 1 states on t.p. verso "Imprimatur, Guil. Delaune Vice-Can. Oxon. Oct. 16. 1704.".</subfield>
  </datafield>
  <datafield tag="500" ind1=" " ind2=" ">
    <subfield code="a">Each part has engraved frontispiece portrait of Clarendon.</subfield>
  </datafield>
  <datafield tag="500" ind1=" " ind2=" ">
    <subfield code="a">Includes "An index to the three volumes of this history" at end of v. 3; pt. 2.</subfield>
  </datafield>
  <datafield tag="651" ind1=" " ind2="0">
    <subfield code="a">Great Britain</subfield>
    <subfield code="x">History</subfield>
    <subfield code="y">Puritan Revolution, 1642-1660.</subfield>
    <subfield code="9">75955</subfield>
  </datafield>
  <datafield tag="651" ind1=" " ind2="0">
    <subfield code="a">Great Britain</subfield>
    <subfield code="x">History</subfield>
    <subfield code="y">Stuarts, 1603-1714.</subfield>
    <subfield code="9">75956</subfield>
  </datafield>
  <datafield tag="651" ind1=" " ind2="0">
    <subfield code="a">Great Britain</subfield>
    <subfield code="x">History</subfield>
    <subfield code="y">Civil War, 1642-1649</subfield>
    <subfield code="v">Early works to 1800.</subfield>
    <subfield code="9">75957</subfield>
  </datafield>
  <datafield tag="651" ind1=" " ind2="0">
    <subfield code="a">Great Britain</subfield>
    <subfield code="x">History</subfield>
    <subfield code="y">Charles I, 1625-1649.</subfield>
    <subfield code="9">75958</subfield>
  </datafield>
  <datafield tag="651" ind1=" " ind2="0">
    <subfield code="a">Great Britain</subfield>
    <subfield code="x">History</subfield>
    <subfield code="y">Charles II, 1660-1685.</subfield>
    <subfield code="9">75959</subfield>
  </datafield>
  <datafield tag="700" ind1=" " ind2=" ">
    <subfield code="a">Macray, w. Dunn</subfield>
    <subfield code="9">75994</subfield>
  </datafield>
  <datafield tag="942" ind1=" " ind2=" ">
    <subfield code="2">ddc</subfield>
    <subfield code="c">BK</subfield>
  </datafield>
  <datafield tag="999" ind1=" " ind2=" ">
    <subfield code="c">24677</subfield>
    <subfield code="d">24677</subfield>
  </datafield>
  <datafield tag="952" ind1=" " ind2=" ">
    <subfield code="0">0</subfield>
    <subfield code="1">0</subfield>
    <subfield code="2">ddc</subfield>
    <subfield code="4">0</subfield>
    <subfield code="7">2</subfield>
    <subfield code="8">NFIC</subfield>
    <subfield code="a">RUCL</subfield>
    <subfield code="b">RUCL</subfield>
    <subfield code="c">Reading</subfield>
    <subfield code="d">1957-11-14</subfield>
    <subfield code="e">Oxford university,</subfield>
    <subfield code="g">60.15</subfield>
    <subfield code="l">0</subfield>
    <subfield code="o">942.06 CLH V-4 1888</subfield>
    <subfield code="r">2014-03-15 00:00:00</subfield>
    <subfield code="t">C-1</subfield>
    <subfield code="w">2021-12-09</subfield>
    <subfield code="y">BK</subfield>
  </datafield>
</record>
